The language laboratory and modern language teaching

Wedi'i Gadw mewn:
Manylion Llyfryddiaeth
Prif Awdur: Stack, Edward M (Awdur)
Fformat: Llyfr
Iaith:Saesneg
Cyhoeddwyd: Londres Oxford University 1971
Rhifyn:3a. ed
Cyfres:Language and Language Learning
Pynciau:
Tagiau: Ychwanegu Tag
Dim Tagiau, Byddwch y cyntaf i dagio'r cofnod hwn!

MARC

LEADER 00000nam a2200000 a 4500
001 UCK8037
003 CL-VaPUC
008 060113e19710000UK |||||||||||||||||eng|d
020 |a 0194370437 
082 0 4 |a 428.007  |b STA  |2 21 
100 0 |a Stack, Edward M  |e author  |9 497824 
245 1 4 |a The language laboratory and modern language teaching 
250 |a 3a. ed 
300 |a 313 p 
942 |c BK 
945 |d 20060113 00:00:00  |a cmena 
260 |a Londres  |b Oxford University  |c 1971 
650 0 |a Educación lingüística  |9 306506 
650 0 |a Inglés  |9 260023 
650 0 |a Métodos de enseñanza  |9 270413 
650 0 |a Enseñanza del inglés  |9 367340 
583 |a last modification  |c 20060113 00:00:00  |k Rodrigo Vera 
490 0 |a Language and Language Learning 
999 |c 315869  |d 315867 
952 |0 0  |1 0  |4 0  |6 428_007000000000000_STA_1971  |7 0  |8 A  |9 389690  |a BIBEDU  |b BIBEDU  |d 2019-11-22  |i 4202686  |o 428.007 STA 1971  |p 4202686  |r 2019-11-22  |w 2019-11-22  |y BK  |k LIT